[Event "2nd Sampa STD Open 2025"]
[Site "Sao Paulo"]
[Date "2025.02.01"]
[Round "2"]
[White "Grillo, Carlos Henrique Gome"]
[Black "Luz, Arthur Nader"]
[Result "1-0"]
[Annotator "TA"]
[WhiteElo "1982"]
[BlackElo "2167"]
[PlyCount "119"]
[EventDate "2025.02.01"]
[EventType "swiss"]
[EventCountry "BRA"]
[SourceTitle "playchess.com"]
[Source "ChessBase"]
[SourceQuality "1"]
[TimeControl "5400+30"]

{[%evp 26,119,-32,-32,-28,-35,-31,-34,0,0,0,0,0,-3,50,-29,115,112,118,51,27,0,63,59,70,66,88,81,79,79,100,107,107,107,102,102,103,98,135,100,97,97,161,191,233,222,210,177,298,294,341,313,341,335,327,239,271,0,350,355,398,402,396,303,292,273,296,288,290,296,287,278,290,240,329,224,315,259,520,524,360,205,307,290,1509,636,29986,29987,29994,29995,29995,29996,29997,29998,29998,29999]} 1. c4 c5 2. g3 g6 3. Bg2 Bg7 4. Nc3 Nc6 5. Nf3 {[%cal Bg1f3,Bf3e1,Be1c2,Bc2e3][%mdl 32]} d6 6. d3 e5 7. O-O Nge7 8. a3 O-O 9. Rb1 a5 10. Ne1 Be6 11. Nc2 d5 12. cxd5 Nxd5 13. Ne3 Nde7 14. Nc4 Rb8 {A37: Symmetrical English vs ...g6: 4 Bg2 Bg7 5 Nf3.} 15. Ne4 b6 16. f4 b5 $146 {Black is slightly better.} (16... a4 $5) (16... exf4 17. Bxf4 Rb7 {½-½ Baker,C (2282)-Lalic,B (2470) Coulsdon Jessie Gilbert 4th 2011 (9)}) 17. Nxe5 Nxe5 18. fxe5 Bxe5 19. Bh6 Bg7 (19... Bd4+ $11 20. Kh1 Nf5 21. Bxf8 Qxf8 (21... Ne3 22. Qd2 $11)) 20. Qc1 (20. Bxg7 $1 $14 Kxg7 21. Qc1) 20... Rc8 {[#]} (20... Bxh6 $1 $11 {remains equal.} 21. Qxh6 Nf5) 21. Bxg7 $1 $16 (21. Nxc5 $2 Rxc5 22. Qxc5 Bd4+ (22... Bxh6 $2 23. b4 $19) 23. Be3 Bxc5 $19) 21... Kxg7 {[#]} 22. Qf4 {White attacks} ({White should try} 22. b4 $1 $16) 22... f6 $14 23. Qd6 (23. Nxf6 $2 Ng8 $19) (23. Rbc1 {keeps more tension.} c4 24. Qf2 Bd5 25. Bh3) 23... Qxd6 ({Black should play} 23... Bd5 $11) 24. Nxd6 {White plays on the queen side and is better} Rb8 {[%cal Bc8b8,Bb8b6,Bb6d6,Bd6d5][%mdl 32]} 25. Nb7 $36 {[%mdl 2048] White has the initiative. White is more active.} Rfc8 26. Nxa5 c4 27. Rfc1 Rb6 28. b4 cxd3 29. Rxc8 Bxc8 30. exd3 Rd6 31. Rd1 Bf5 32. Bf1 Nd5 33. Kf2 {Repels Ne3} Nb6 (33... Re6 $16) 34. d4 $18 Bd7 35. Nb7 Rd5 36. Nc5 Bg4 (36... Bc6 $142 37. Ne6+ Kf7) 37. Rd2 Rf5+ 38. Kg1 Nc4 39. Bxc4 bxc4 {[%mdl 4096] Endgame KRB-KRN. White is a pawn up.} 40. Rf2 Rd5 41. Rd2 $2 (41. Rc2 $18) 41... Bf5 $2 {[%mdl 8192]} (41... c3 $2 42. Rc2 $18) (41... Rf5 $1 $11) 42. Na4 Bd3 43. Nc3 Rxd4 44. Kf2 Kf7 45. Ke3 Rd7 46. a4 {[%cal Ba3a4,Ba4a5][%mdl 32]} Ke7 47. b5 Kd8 48. a5 Kc7 49. g4 Kb7 50. Rb2 Ka7 (50... Kb8 51. b6 Rd6) 51. Na4 Re7+ $2 (51... Kb8 52. b6 c3 53. Nxc3 Ba6) 52. Kd4 Re4+ 53. Kd5 (53. Kc3 $142) 53... Re5+ (53... c3 {keeps fighting.} 54. Nxc3 Rc4) 54. Kd6 {Black must now prevent b6+.} ({Less strong is} 54. Kc6 Be4+ 55. Kd6 h5 $16) 54... Re2 $2 (54... Be4 55. b6+ (55. Re2 Kb8 $18) 55... Kb8) 55. Rb4 (55. Rxe2 $142 Bxe2 56. Kc7) 55... Rd2 56. Kc7 {White mates.} c3 {[%cal Bc4c3,Bc3c2][%mdl 32]} 57. b6+ Ka6 58. b7 c2 59. Nc5+ Kxa5 60. b8=Q {Weighted Error Value: White=0.33/Black=0.70  Loses game:     	---       	Black=1      Missed win:     	White=1     	---        Mistake:       	White=4     	Black=9      Inaccurate:     	White=2     	Black=4      OK:         	White=18    	Black=11     Best:        	White=3     	Black=1      Strong:       	White=1     	---} 1-0

[Event "2nd Sampa STD Open 2025"]
[Site "Sao Paulo"]
[Date "2025.02.01"]
[Round "3"]
[White "Santiago, Yago De Moura"]
[Black "Tsuboi, Edson Kenji"]
[Result "0-1"]
[Annotator "TA"]
[WhiteElo "2451"]
[BlackElo "2187"]
[PlyCount "40"]
[EventDate "2025.02.01"]
[EventType "swiss"]
[EventCountry "BRA"]
[SourceTitle "playchess.com"]
[Source "ChessBase"]
[SourceQuality "1"]

{[%evp 21,40,-6,0,0,0,4,15,9,49,0,0,-20,-21,-15,-4,0,-11,-46,-33,-50,-52]} 1. d4 Nf6 2. c4 e6 3. Nc3 Bb4 4. g3 c5 5. Nf3 {[%cal Bg1f3,Bf3d4,Bd4b3,Bb3c5][%mdl 32]} cxd4 6. Nxd4 O-O 7. Bg2 d5 8. cxd5 Nxd5 9. Bd2 Bxc3 10. bxc3 e5 11. Nb3 Nc6 12. c4 Nde7 13. O-O Be6 14. Nc5 {The position is equal.} Qc8 15. Qa4 (15. Bg5 $14) 15... Bh3 $11 16. Bc3 Bxg2 17. Kxg2 b6 18. Nd3 Qe6 19. Kg1 Nf5 20. Rfe1 Rfd8 {Weighted Error Value: White=0.15 (very precise) /Black=0.08 (flawless) .  Mistake:       	White=1     	---        Inaccurate:     	White=1     	Black=1      OK:         	White=3     	Black=4} 0-1

[Event "2nd Sampa STD Open 2025"]
[Site "Sao Paulo"]
[Date "2025.02.01"]
[Round "3"]
[White "Silva Sanchez, Carlos"]
[Black "Poeta, Caio Medeiros"]
[Result "*"]
[Annotator "TA"]
[WhiteElo "2325"]
[BlackElo "2088"]
[PlyCount "24"]
[EventDate "2025.02.01"]
[EventType "swiss"]
[EventCountry "BRA"]
[SourceTitle "playchess.com"]
[Source "ChessBase"]
[SourceQuality "1"]
[TimeControl "5400+30"]

{[%evp 14,24,28,29,38,6,8,0,18,9,32,16,29]} 1. d4 d5 2. Nf3 Nf6 3. c4 c6 4. e3 Bf5 5. Nc3 e6 6. Nh4 Bg6 7. Nxg6 {7.Be2 deserves study.} hxg6 8. Bd3 Bd6 {D12: Slav Defence: 3 Nf3 Nf6 4 e3 Bf5.} 9. g3 Nbd7 10. Qb3 Qc7 $146 (10... Qb8 11. e4 e5 12. cxd5 exd4 13. Ne2 c5 14. f4 Nh5 15. e5 Nxe5 16. fxe5 Bxe5 {1-0 Wu,R (2037)-Cui,K (1800) British Columbia op 2014 (3.9)}) 11. Bd2 Ng4 12. cxd5 {Inaccurate:     	White=1     	---        OK:         	White=1     	---} exd5 {An uneventful encounter.   Weighted Error Value: White=0.12 (very precise) /Black=0.13 (very precise)} *

[Event "2nd Sampa STD Open 2025"]
[Site "Sao Paulo"]
[Date "2025.02.01"]
[Round "3"]
[White "Cruz De La, Noel"]
[Black "De Siqueira, Luigy Lira"]
[Result "*"]
[Annotator "TA"]
[WhiteElo "2288"]
[BlackElo "2252"]
[PlyCount "34"]
[EventDate "2025.02.01"]
[EventType "swiss"]
[EventCountry "BRA"]
[SourceTitle "playchess.com"]
[Source "ChessBase"]
[SourceQuality "1"]
[TimeControl "5400+30"]

{[%evp 9,34,10,20,0,0,1,-4,-12,-4,-11,-10,-9,0,0,0,-12,-21,-52,77,-73,-12,-62,-16,-101,-92,-104,-97]} 1. e4 e5 2. Nf3 Nc6 3. Nc3 Nf6 4. Bb5 Nd4 5. Bc4 c6 6. O-O {C48: Four Knights: 4 Bb5, replies other than 4...Bb4.} Bd6 7. Re1 $146 {[#] Threatens to win with Nxd4.} (7. d3 b5 8. Bb3 a5 9. a4 Nxb3 10. cxb3 b4 11. Ne2 Bc7 12. d4 d6 13. dxe5 dxe5 {½-½ Andreikin,D (2720)-Savchenko,B (2567) Moscow-ch blitz 69th 2015 (16)}) 7... O-O 8. Nxd4 {The position is equal.} exd4 9. e5 $1 Bxe5 10. Rxe5 dxc3 11. dxc3 d5 12. Be2 Ne4 $36 {[%mdl 2048] Black fights for an advantage.} 13. f3 Qf6 (13... f6 $1 $15 {stays ahead.} 14. Rh5 Nd6) 14. Rh5 (14. Qd4 $16 {is necessary to keep the advantage.} Nd6 15. Bd3) 14... Nd6 (14... g6 $17 {Threatens to win with ...Nxc3.} 15. Rh6 Nd6) 15. Bd3 (15. Qd4 $11 Qxd4+ 16. cxd4) 15... g6 (15... Bf5 $15) 16. Rh6 (16. Bg5 $11 {keeps the balance.} Qe5 17. Qd2) 16... Re8 $17 17. Bd2 {Mistake:       	White=3     	Black=3      Inaccurate:     	White=1     	---        OK:         	White=1     	Black=8      Strong:       	White=1     	---} Bf5 {Weighted Error Value: White=0.39/Black=0.28 (precise)} *

[Event "2nd Sampa STD Open 2025"]
[Site "Sao Paulo"]
[Date "2025.02.01"]
[Round "3"]
[White "Silva, Caio Henrique Angeli"]
[Black "Poeta, Caio Medeiros"]
[Result "1/2-1/2"]
[Annotator "TA"]
[WhiteElo "2197"]
[BlackElo "2088"]
[PlyCount "44"]
[EventDate "2025.02.01"]
[EventType "swiss"]
[EventCountry "BRA"]
[SourceTitle "playchess.com"]
[Source "ChessBase"]
[SourceQuality "1"]

{[%evp 14,44,34,10,35,12,0,0,12,13,43,34,22,27,71,74,70,70,68,47,45,0,0,0,0,0,0,0,0,10,0,0,29]} 1. d4 d5 2. Nf3 Nf6 3. c4 c6 4. e3 Bf5 5. Nc3 e6 6. Nh4 Bg6 7. Nxg6 {7.Be2 might become the main line.} hxg6 8. Bd3 Bd6 {D12: Slav Defence: 3 Nf3 Nf6 4 e3 Bf5.} 9. g3 Nbd7 10. Qb3 Qc7 $146 (10... Qb8 11. e4 e5 12. cxd5 exd4 13. Ne2 c5 14. f4 Nh5 15. e5 Nxe5 16. fxe5 Bxe5 {1-0 Wu,R (2037)-Cui,K (1800) British Columbia op 2014 (3.9)}) 11. Bd2 Ng4 12. cxd5 exd5 13. e4 Rxh2 14. Rxh2 Nxh2 15. Be2 {Repels Nf3+} Bxg3 $1 16. exd5 Bf4 17. Bxf4 Qxf4 {The position is equal.} 18. dxc6 bxc6 {[%cal Oa8d8] ...Rd8! would now be deadly.} 19. Qb7 {[%csl LRa8,LRc6]} Rb8 20. Qxc6 {[#] And now Nd5 would win.} Ng4 21. Qe4+ Qxe4 22. Nxe4 Ngf6 {Weighted Error Value: White=0.08 (flawless) /Black=0.11 (very precise)   Inaccurate:     	White=1     	Black=3      OK:         	White=4     	Black=2      Best:        	White=1     	Black=2      Strong:       	---       	Black=1} 1/2-1/2

[Event "2nd Sampa STD Open 2025"]
[Site "Sao Paulo"]
[Date "2025.02.01"]
[Round "3"]
[White "Marra, Eduardo da Costa"]
[Black "Grillo, Carlos Henrique Gome"]
[Result "1-0"]
[Annotator "TA"]
[WhiteElo "2195"]
[BlackElo "1982"]
[PlyCount "91"]
[EventDate "2025.02.01"]
[EventType "swiss"]
[EventCountry "BRA"]
[SourceTitle "playchess.com"]
[Source "ChessBase"]
[SourceQuality "1"]
[TimeControl "5400+30"]

{[%evp 17,91,1,30,11,14,-7,1,-104,-5,-8,-8,-12,0,0,-6,-14,-5,-7,0,0,12,0,0,0,14,16,45,-34,57,-26,70,20,9,13,59,51,52,52,53,44,48,47,56,55,62,54,53,56,48,48,119,141,245,237,243,223,703,762,760,760,707,716,1048,941,562,465,5189,5189,29980,29981,29985,29986,29986,29987,29988,29989]} 1. e4 e6 2. d4 d5 3. e5 c5 4. c3 Nc6 5. Nf3 Qb6 6. a3 Nh6 7. b4 cxd4 8. cxd4 Nf5 9. Be3 {is now debated instead of 9.Bb2.} Be7 10. Nc3 {C02: French: Advance Variation.} f6 11. Na4 Qd8 12. Bf4 {[#]} (12. exf6 $11 Bxf6 13. Bd3) 12... fxe5 $146 (12... g5 $1 $17 {[%cal Rg5f4]} 13. exf6 Bxf6 14. Nxg5 h5) (12... O-O 13. Bd3 Nfxd4 14. Nxd4 Nxd4 15. Bxh7+ Kxh7 16. Qxd4 Qe8 17. Nc5 b6 18. Nd3 Qg6 {0-1 Scheuermann,G (2150)-Katona,A Oberliga Sued W 0708 2007 (6.4)}) 13. Bxe5 $11 Nxe5 14. dxe5 O-O 15. Bd3 Bd7 16. O-O Rc8 17. Qb3 b5 18. Nc3 Qb6 {[%cal Of5e3]} 19. Rad1 g6 20. Qb2 a6 21. Ne2 Kg7 22. Rc1 (22. Qd2 $14) 22... Rxc1 ({Better is} 22... Ne3 $1 $15) 23. Rxc1 (23. Nxc1 $14 Nh4 24. Nd4) 23... Nh4 (23... Ne3 $1 $11) 24. Ned4 (24. Nfd4 $14) 24... Nxf3+ (24... Rf4 {keeps more tension.} 25. Qe2 Rf8 26. Nxh4 Qxd4 27. Nf3 Rc8) 25. Nxf3 Rc8 (25... a5 $11) 26. Rxc8 $14 Bxc8 27. Qc3 Bd7 {[%cal Oa6a5]} 28. Nd4 {[%cal Bf3d4,Bd4b3,Bb3c5][%mdl 32]} Qb8 29. Nb3 Qc8 30. Qd4 Qc7 31. h4 Be8 32. g3 Kg8 33. Kg2 Bd8 (33... Kg7 $14) 34. Nc5 $16 {White is more active.} Qc6 (34... Qb6 $16 {is a better defense.} 35. Qg4 Bf7) 35. Qg4 $18 {[%cal Oh4h5] h5! would now be deadly.} Bf7 36. h5 {[%cal Rh5g6]} Kg7 (36... g5 37. Qf3 (37. h6 Be7 $16) 37... h6) 37. hxg6 hxg6 {[#]} 38. Bxg6 $1 {[%mdl 512]} Bxg6 39. Nxe6+ ({Less strong is} 39. Qxe6 Qc7 $16) 39... Kh6 40. Qh3+ Bh5 41. Nxd8 Qc2 (41... Qg6 $142 42. Qe6 (42. Qh4 Kg7 $16) 42... d4) 42. Nf7+ Kg6 43. Qe6+ {White mates.} Kg7 44. Qf6+ Kg8 45. e6 {[%csl Gf7][%cal Rf6h8]} Qe4+ 46. Kh2 {Weighted Error Value: White=0.23 (precise) /Black=0.72  Mistake:       	White=4     	Black=7      Inaccurate:     	---       	Black=2      OK:         	White=9     	Black=6      Best:        	White=5     	---} 1-0

[Event "2nd Sampa STD Open 2025"]
[Site "Sao Paulo"]
[Date "2025.02.01"]
[Round "3"]
[White "Marra, Eduardo da Costa"]
[Black "Grillo, Juan Cruz"]
[Result "*"]
[Annotator "TA"]
[WhiteElo "2195"]
[BlackElo "2047"]
[PlyCount "38"]
[EventDate "2025.02.01"]
[EventType "swiss"]
[EventCountry "BRA"]
[SourceTitle "playchess.com"]
[Source "ChessBase"]
[SourceQuality "1"]
[TimeControl "5400+30"]

{[%evp 17,38,-1,20,18,18,5,24,-97,0,-8,-14,-8,0,0,-9,-20,-25,-15,0,-3,20,0,4]} 1. e4 e6 2. d4 d5 3. e5 c5 4. c3 Nc6 5. Nf3 Qb6 6. a3 Nh6 7. b4 cxd4 8. cxd4 Nf5 9. Be3 {is cutting edge theory.} Be7 10. Nc3 {C02: French: Advance Variation.} f6 11. Na4 Qd8 12. Bf4 (12. exf6 $11 Bxf6 13. Bb5) 12... fxe5 $146 ({Black should try} 12... g5 $17 13. exf6 Bxf6 14. Nxg5 O-O) (12... O-O 13. Bd3 Nfxd4 14. Nxd4 Nxd4 15. Bxh7+ Kxh7 16. Qxd4 Qe8 17. Nc5 b6 18. Nd3 Qg6 {0-1 Scheuermann,G (2150)-Katona,A Oberliga Sued W 0708 2007 (6.4)}) 13. Bxe5 $11 Nxe5 14. dxe5 O-O 15. Bd3 Bd7 16. O-O Rc8 17. Qb3 b5 {The position is equal.} 18. Nc3 Qb6 {[%cal Of5e3]} 19. Rad1 {Mistake:       	White=1     	Black=1      OK:         	White=3     	Black=4      Best:        	White=1     	---} g6 {Weighted Error Value: White=0.25 (precise) /Black=0.20 (precise)} *

[Event "2nd Sampa STD Open 2025"]
[Site "Sao Paulo"]
[Date "2025.02.01"]
[Round "3"]
[White "Aranha Filho, Alvaro Z."]
[Black "De La Paz Perdomo, Frank"]
[Result "*"]
[Annotator "TA"]
[WhiteElo "2178"]
[BlackElo "2445"]
[PlyCount "29"]
[EventDate "2025.02.01"]
[EventType "swiss"]
[EventCountry "BRA"]
[SourceTitle "playchess.com"]
[Source "ChessBase"]
[SourceQuality "1"]
[TimeControl "5400+30"]

{[%evp 16,29,3,0,7,-12,-9,-27,-27,-31,-24,-32,-25,-68,-64,-87]} 1. d4 Nf6 2. Nf3 g6 3. Bg5 Bg7 4. Nbd2 O-O 5. c3 d6 6. e4 c5 7. dxc5 dxc5 8. Bc4 Nc6 9. O-O Qc7 {A48: 1 d4 Nf6 2 Nf3 g6: Torre, London and Colle Systems.} 10. a4 h6 11. Bh4 Nh5 12. Bg3 Nxg3 13. hxg3 Rd8 $146 (13... Na5 14. Ba2 Bg4 15. Nc4 Rad8 16. Qe2 Nxc4 17. Bxc4 Rd7 18. Qe3 Bxf3 19. gxf3 Rfd8 {1-0 Kamsky,G (2676)-Jumabayev,R (2603) Corsica Masters KO 21st rapid 2017 (3.1)}) 14. Qc2 Na5 {Inaccurate:     	White=1     	---        OK:         	---       	Black=4} 15. Rfd1 {White did not feel at home in the position after the opening.   Weighted Error Value: White=0.17 (very precise) /Black=0.02 (flawless)} *

[Event "2nd Sampa STD Open 2025"]
[Site "Sao Paulo"]
[Date "2025.02.01"]
[Round "3"]
[White "Aranha Filho, Alvaro Z."]
[Black "Perdomo, Leandro"]
[Result "1/2-1/2"]
[Annotator "TA"]
[WhiteElo "2178"]
[BlackElo "2364"]
[PlyCount "34"]
[EventDate "2025.02.01"]
[EventType "swiss"]
[EventCountry "BRA"]
[SourceTitle "playchess.com"]
[Source "ChessBase"]
[SourceQuality "1"]

{[%evp 16,34,-7,-8,-9,0,0,-33,-37,-27,-33,-29,-25,-61,-57,-74,-46,-39,-29,-25,-21]} 1. d4 Nf6 2. Nf3 g6 3. Bg5 Bg7 4. Nbd2 O-O 5. c3 d6 6. e4 c5 7. dxc5 dxc5 8. Bc4 Nc6 9. O-O Qc7 10. a4 h6 11. Bh4 Nh5 {Black is slightly better.} 12. Bg3 Nxg3 13. hxg3 Rd8 14. Qc2 Na5 15. Rfd1 Nxc4 16. Nxc4 Be6 17. Ne3 Rxd1+ {Weighted Error Value: White=0.12 (very precise) /Black=0.05 (flawless) .  Inaccurate:     	White=2     	Black=1      OK:         	White=2     	Black=4} 1/2-1/2

[Event "2nd Sampa STD Open 2025"]
[Site "Sao Paulo"]
[Date "2025.02.01"]
[Round "3"]
[White "Contreras Huaman, Fiorella"]
[Black "Lima, Kleyton Alcantara"]
[Result "1-0"]
[Annotator "TA"]
[WhiteElo "2170"]
[BlackElo "2068"]
[PlyCount "91"]
[EventDate "2025.02.01"]
[EventType "swiss"]
[EventCountry "BRA"]
[SourceTitle "playchess.com"]
[Source "ChessBase"]
[SourceQuality "1"]

{[%evp 24,91,33,35,50,33,75,78,76,75,77,67,101,59,58,52,64,64,106,60,114,36,33,38,68,84,64,81,158,147,141,116,128,129,246,221,267,276,260,266,483,486,481,486,459,468,783,748,604,293,641,654,893,883,956,810,1681,1580,29989,29990,29990,29991,29991,29992,29996,29997,29997,29995,29998,29999]} 1. e4 e5 2. Nf3 Nc6 3. Bb5 a6 4. Ba4 Nf6 5. O-O b5 6. Bb3 Be7 7. Re1 O-O 8. h3 d6 9. c3 Na5 10. Bc2 c5 11. d4 Qc7 12. Nbd2 Re8 13. Nf1 Nc6 {[%cal Ba5c6,Bc6b8,Bb8d7,Bd7f8,Bf8g6,Bg6f4][%mdl 32]} 14. d5 Nb8 15. a4 Bb7 {White is better.} 16. b3 Nbd7 17. Be3 Nf8 18. g4 Ng6 19. Ng3 bxa4 20. Rxa4 Reb8 21. Nf5 (21. g5 $16) 21... Bf8 ({Black should play} 21... h6 $14) 22. Nh2 (22. Nd2 $16) 22... Nd7 23. h4 Nf4 24. g5 Nb6 25. Ra2 Bc8 (25... a5 $142) 26. Bxf4 exf4 27. Ng4 $36 {[%cal Of5h6][%mdl 2048] White is on the roll.} c4 28. b4 {White has more active pieces.} Qb7 (28... Nd7 $16) 29. Qd4 Bxf5 30. exf5 {[%cal Be4f5,Bf5f6][%mdl 32]} Qxd5 31. Qxf4 Qb7 (31... Re8 32. Be4 Qb5) 32. f6 $18 {[%cal Og4h6] Intending Nh6+! and mate.} g6 {[#]} 33. h5 $1 {[%mdl 512]} Nd5 34. Qd4 (34. Qxc4 Rc8 35. Qe4 Qc6 $18) 34... Qd7 (34... Nxb4 $142 35. cxb4 Qxb4) 35. hxg6 hxg6 36. Nh2 (36. Bxg6 $142 Rb5 37. Bc2) 36... Nc7 $2 (36... Rb5 37. Ba4 (37. Qxc4 Qh3 $11) 37... Nxc3 38. Bxb5 (38. Qxc3 Rxg5+ 39. Kf1 Qb7 $16) 38... Nxb5 39. Qxc4 d5) 37. Kg2 ({Less strong is} 37. Qxc4 Re8 38. Rd1 (38. Rxe8 Rxe8 39. Bd3 d5 $16) 38... Qe6 $18) (37. Ng4 Re8 38. Raa1 Nb5 $16) 37... Qc6+ 38. Nf3 Ne6 39. Qh4 {White wants to mate with Rh1.} Rb5 40. Be4 d5 {[%cal Bd6d5,Bd5e4,Be4f3][%mdl 32] [#]} 41. Rh1 $1 {[%csl Gh1][%cal Rh4h7] White mates.} Nf4+ 42. Qxf4 dxe4 {[#]} 43. Qh4 $1 {[%csl Gh1][%cal Rh4h7]} exf3+ {[#]} (43... Rxg5+ 44. Nxg5) 44. Kf1 $1 {[%csl Gh1][%cal Rh4h7]} Bg7 45. Qh7+ Kf8 {[#]} 46. Qh8+ $3 {[%mdl 512] Weighted Error Value: White=0.21 (precise) /Black=0.59.  Mistake:       	White=2     	Black=5      Inaccurate:     	White=1     	Black=5      OK:         	White=10    	Black=6      Brilliant:      	White=1     	---} 1-0

[Event "2nd Sampa STD Open 2025"]
[Site "Sao Paulo"]
[Date "2025.02.01"]
[Round "3"]
[White "Labussiere, Yago"]
[Black "Cunha, Lucas Aguiar"]
[Result "0-1"]
[Annotator "TA"]
[WhiteElo "2123"]
[BlackElo "2222"]
[PlyCount "41"]
[EventDate "2025.02.01"]
[EventType "swiss"]
[EventCountry "BRA"]
[SourceTitle "playchess.com"]
[Source "ChessBase"]
[SourceQuality "1"]

{[%evp 20,28,20,14,15,-4,37,13,15,-2,20]} 1. Nf3 Nf6 2. g3 d5 3. Bg2 c5 4. O-O Nc6 5. d4 e6 6. c4 dxc4 7. Ne5 Bd7 8. Na3 {[%cal Bb1a3,Ba3c4,Bc4e5][%mdl 32]} cxd4 9. Naxc4 Rc8 10. Qb3 Nxe5 11. Nxe5 {[%cal Of1d1]} Bc6 {E04: Open Catalan: 5 Nf3.} 12. Rd1 {White sacrificed a pawn} Bc5 13. Nxc6 bxc6 14. e3 e5 {[%mdl 32768] Not much happened in this game.   Weighted Error Value: White=0.20 (precise) /Black=0.21 (precise)  Loss on time!?  Inaccurate:     	---       	Black=1} 15. exd4 $146 Bxd4 16. Be3 O-O 17. Qa4 c5 18. Qxa7 Nd5 19. Bxd4 exd4 20. Rac1 Qd6 21. Rd2 {0-1 Lipinsky,M (2131)-Di Benedetto,D (2029) Lugano New op-A 8th 2015 (6)} 0-1

[Event "2nd Sampa STD Open 2025"]
[Site "Sao Paulo"]
[Date "2025.02.01"]
[Round "3"]
[White "Cruz, Natan Gomes"]
[Black "De Siqueira, Luigy Lira"]
[Result "0-1"]
[Annotator "TA"]
[WhiteElo "1967"]
[BlackElo "2252"]
[PlyCount "66"]
[EventDate "2025.02.01"]
[EventType "swiss"]
[EventCountry "BRA"]
[SourceTitle "playchess.com"]
[Source "ChessBase"]
[SourceQuality "1"]

{[%evp 9,66,9,8,0,7,6,0,0,0,0,18,-7,0,0,0,-19,-36,-62,66,-62,-25,-67,-23,-78,-95,-93,-97,-166,-156,-187,-194,-172,-153,-182,-170,-171,-172,-195,-134,-205,-189,-219,-229,-316,-312,-325,-321,-336,-347,-664,-636,-624,-645,-5714,-5697,-1995,1016,-29999,962]} 1. e4 e5 2. Nf3 Nc6 3. Nc3 Nf6 4. Bb5 Nd4 5. Bc4 c6 6. O-O Bd6 7. Re1 {[#] Black must now prevent Nxd4.} O-O 8. Nxd4 {The position is equal.} exd4 9. e5 $1 Bxe5 10. Rxe5 dxc3 11. dxc3 d5 12. Be2 Ne4 $36 {[%cal Oe4f2][%mdl 2048] Black fights for an advantage.} 13. f3 Qf6 (13... f6 $1 $15 14. Rh5 g6 15. fxe4 gxh5) 14. Rh5 ({Only move:} 14. Qd4 $14 Nd6 15. Bd3) 14... Nd6 (14... g6 {feels hotter.} 15. fxe4 gxh5 16. exd5 Re8) 15. Bd3 g6 16. Rh6 (16. Bg5 $11 {keeps the balance.} Qe5 17. Qd2 gxh5 18. Re1) 16... Re8 {Black converts the advantage convincingly.} 17. Bd2 Bf5 18. Qf1 (18. Bf1 $17) 18... Re6 $19 19. Re1 Rae8 20. Rxe6 Qxe6 (20... Rxe6 21. g4 Bxd3 22. cxd3) 21. Kf2 c5 {And now ...c4 would win. White is weak on the light squares} 22. g4 Bxd3 23. cxd3 f5 ({Black should try} 23... c4 $19 {[%cal Od5d4]} 24. Rh4 Qe5) 24. g5 (24. Rh4 $17) 24... Nf7 25. Rh4 Ne5 26. Kg3 Qa6 27. c4 Qxa2 28. Qe2 Re7 ({Resist} 28... Qxb2 29. d4 (29. f4 dxc4 30. fxe5 Rxe5 $19) 29... cxd4 30. cxd5 $19) 29. f4 $2 (29. cxd5 Qxd5 30. b4) 29... Nc6 30. Qf3 Qxb2 31. Qxd5+ Kg7 32. Qg2 {[#]} Qxd2 $4 {[%mdl 8192]} 33. Kf3 $4 {[%mdl 8192]} (33. Qxd2 $18 a5 34. Qb2+ Kg8 35. Qb6) 33... Qa2 $4 {[%mdl 40960] Weighted Error Value: White=0.79/Black=0.16 (very precise) .  Mistake:       	White=5     	Black=2      Inaccurate:     	White=3     	Black=2      OK:         	White=3     	Black=11     Best:        	White=1     	Black=2      Strong:       	White=1     	---       . Loss on time!?} 0-1